Česko-německý, německo-český slovník /

Na minha lista:
Detalhes bibliográficos
Main Authors: Kuchynková, Vlasta (Author), Matoušková, Šárka (Author)
Formato: Livro
Idioma:tcheco
Publicado em: Brno : Lingua centrum, 1991
Tags: Adicionar Tag
Sem tags, seja o primeiro a adicionar uma tag!

MARC

LEADER 00000nam a22000003a 4500
001 stu31001
005 20150617225735.2
008 930216s1991----cs------------------cze-d
020 |a 80-900252-4-2 
040 |a STU  |b slo 
041 0 |a cze 
044 |a cs 
080 |a 801.323=850=30 
100 1 |a Kuchynková, Vlasta  |4 aut 
245 1 |a Česko-německý, německo-český slovník /  |c [aut.] Kuchynková,Vlasta; Matoušková,Šárka 
260 |a Brno :  |b Lingua centrum,  |c 1991 
300 |a 482 s 
700 1 |a Matoušková, Šárka  |4 aut 
996 |b J87684  |c J*87684  |l JJK3  |s P  |a 0  |w stu31001_0001